Vista normal Vista MARC

Entrada Personal Name

Número de registros utilizados en: 1

001 - CONTROL NUMBER

  • control field: 13477

003 - CONTROL NUMBER IDENTIFIER

  • control field: OSt

005 - DATE AND TIME OF LATEST TRANSACTION

  • control field: 20210215171412.0

008 - FIXED-LENGTH DATA ELEMENTS

  • fixed length control field: 210215|| aca||aabn | a|a d

040 ## - CATALOGING SOURCE

  • Original cataloging agency: OSt
  • Transcribing agency: OSt

100 ## - HEADING--PERSONAL NAME

  • Personal name: León Guerra, Olga Lorena,
  • Form subdivision: relatos personales

670 ## - SOURCE DATA FOUND

  • Source citation: Work cat.: (OSt): León Guerra, Olga Lorena, autor 13476, Lo que esconde la sonrisa de la pelirroja : , ©2016